Instrumentation and Control (Record no. 10654)

MARC details
000 -LEADER
fixed length control field 00375nam a22001697a 4500
003 - CONTROL NUMBER IDENTIFIER
control field OSt
008 - FIXED-LENGTH DATA ELEMENTS--GENERAL INFORMATION
fixed length control field 210520b ||||| |||| 00| 0 eng d
020 ## - INTERNATIONAL STANDARD BOOK NUMBER
International Standard Book Number 9788120342460
082 ## - DEWEY DECIMAL CLASSIFICATION NUMBER
Classification number 621.317 PAI
100 ## - MAIN ENTRY--PERSONAL NAME
Personal name PATRANABIS,D
245 ## - TITLE STATEMENT
Title Instrumentation and Control
250 ## - EDITION STATEMENT
Edition statement 2nd
260 ## - PUBLICATION, DISTRIBUTION, ETC. (IMPRINT)
Place of publication, distribution, etc New Delhi
Name of publisher, distributor, etc PHI
Date of publication, distribution, etc 2016
300 ## - PHYSICAL DESCRIPTION
Extent 377
650 ## - SUBJECT ADDED ENTRY--TOPICAL TERM
Topical term or geographic name as entry element ME
942 ## - ADDED ENTRY ELEMENTS (KOHA)
Source of classification or shelving scheme Dewey Decimal Classification
Koha item type Text Books
Holdings
Withdrawn status Lost status Source of classification or shelving scheme Damaged status Not for loan Collection code Home library Current library Date acquired Source of acquisition Currency Cost, normal purchase price Bill Number Total Checkouts Full call number Acc. no. / Barcode Date last seen Actual Cost, discounted price Bill Date Koha item type Date last borrowed
    Dewey Decimal Classification     B.Tech(ME) PIET C-LIBRARY PIET C-LIBRARY 19/04/2021 Kirti Praskshan IN Rupees 325.00 IN2064   621.317 PAI 32898 20/05/2021 224.25 19/04/2021 Reference Books  
    Dewey Decimal Classification     B.Tech(ME) PIET C-LIBRARY PIET C-LIBRARY 19/04/2021 Kirti Praskshan IN Rupees 325.00 IN2064   621.317 PAI 32899 20/05/2021 224.25 19/04/2021 Text Books  
    Dewey Decimal Classification     B.Tech(ME) PIET C-LIBRARY PIET C-LIBRARY 19/04/2021 Kirti Praskshan IN Rupees 325.00 IN2064   621.317 PAI 32900 20/05/2021 224.25 19/04/2021 Text Books  
    Dewey Decimal Classification     B.Tech(ME) PIET C-LIBRARY PIET C-LIBRARY 19/04/2021 Kirti Praskshan IN Rupees 325.00 IN2064   621.317 PAI 32901 20/05/2021 224.25 19/04/2021 Text Books  
    Dewey Decimal Classification     B.Tech(ME) PIET C-LIBRARY PIET C-LIBRARY 19/04/2021 Kirti Praskshan IN Rupees 325.00 IN2064   621.317 PAI 32902 20/05/2021 224.25 19/04/2021 Text Books  
    Dewey Decimal Classification     B.Tech(ME) PIET C-LIBRARY PIET C-LIBRARY 19/04/2021 Kirti Praskshan IN Rupees 325.00 IN2064 1 621.317 PAI 32903 29/06/2024 224.25 19/04/2021 Text Books 25/06/2024
    Dewey Decimal Classification     B.Tech(ME) PIET C-LIBRARY PIET C-LIBRARY 19/04/2021 Kirti Praskshan IN Rupees 325.00 IN2064   621.317 PAI 32904 20/05/2021 224.25 19/04/2021 Text Books  
    Dewey Decimal Classification     B.Tech(ME) PIET C-LIBRARY PIET C-LIBRARY 19/04/2021 Kirti Praskshan IN Rupees 325.00 IN2064   621.317 PAI 32905 20/05/2021 224.25 19/04/2021 Text Books  
    Dewey Decimal Classification     B.Tech(ME) PIET C-LIBRARY PIET C-LIBRARY 19/04/2021 Kirti Praskshan IN Rupees 325.00 IN2064   621.317 PAI 32906 20/05/2021 224.25 19/04/2021 Text Books  
    Dewey Decimal Classification     B.Tech(ME) PIET C-LIBRARY PIET C-LIBRARY 19/04/2021 Kirti Praskshan IN Rupees 325.00 IN2064   621.317 PAI 32907 20/05/2021 224.25 19/04/2021 Text Books  

Design & Developed by: PIET Central Library
R70 Miles Stone Pattikalyana Samalkha Panipat 132102
mail ID :- [email protected], Phone No:- 0180-2569700 Ex.216